Developing opportunities. Inglés 4§ medio: studentïs book
Uloženo v:
| Hlavní autoři: | , |
|---|---|
| Médium: | Kniha |
| Jazyk: | angličtina |
| Vydáno: |
Harlow
Pearson Education
2000
|
| Vydání: | 1a. ed |
| Témata: | |
| Tagy: |
Přidat tag
Žádné tagy, Buďte první, kdo vytvoří štítek k tomuto záznamu!
|
MARC
| LEADER | 00000nam a2200000 a 4500 | ||
|---|---|---|---|
| 001 | UCJ0676 | ||
| 003 | CL-VaPUC | ||
| 008 | 060825e20000000uk |||||||||||||||||eng|d | ||
| 020 | |a 0582794927 | ||
| 082 | 0 | 4 | |a 420.712 |b FOL |2 21 |
| 100 | 0 | |a Foley, Mark |e author |9 500924 | |
| 700 | |a Hall, Diane |e author |9 591975 | ||
| 245 | 1 | 0 | |a Developing opportunities. Inglés 4§ medio: studentïs book |
| 250 | |a 1a. ed | ||
| 300 | |a 68 p | ||
| 942 | |c BK | ||
| 945 | |d 20060825 00:00:00 |a jtorresc | ||
| 260 | |a Harlow |b Pearson Education |c 2000 | ||
| 500 | |a www.logman-elt.com | ||
| 650 | 0 | |a Enseñanza del inglés |9 367340 | |
| 650 | 0 | |a Educación lingüística |9 306506 | |
| 650 | 0 | |a Libros de texto |9 270019 | |
| 650 | 0 | |a Métodos de aprendizaje |9 334464 | |
| 583 | |a last modification |c 20140408 10:42:25 |k Rodrigo Vera | ||
| 999 | |c 317439 |d 317437 | ||
| 952 | |0 0 |1 0 |4 0 |6 420_712000000000000_FOL_2000 |7 0 |8 A |9 393820 |a FDOPOS |b FDOPOS |d 2019-11-22 |i 4267494 |o 420.712 FOL 2000 |p 4267494 |r 2025-01-22 |w 2019-11-22 |y BK |k MLA | ||